Chaînes télévisées par logo #1 - Statistiques

Statistiques générales
  • Ce quiz a été pris 161 fois
  • Le résultat moyen est 9 sur 16
Statistiques - réponses
Par images Réponse % Correct
Canal +
94%
Arte
88%
France 3
80%
Disney Channel
79%
Franceinfo
74%
Chérie 25
70%
Téva
69%
National Geographic
62%
Boomerang
59%
BFM TV
48%
TV5 Monde
44%
6ter
40%
MCM
26%
Comedy Central
16%
L'équipe 21
13%
LCP Public Sénat
6%
Aucun quiz correspondant
Distribution des résultats
% des personnes avec chaque résultat
Percentile par nombre de réponses
Votre historique - résultats
Vous n’avez pas pris ce quiz